Biblia polyglotta matritensia / (Record no. 47782)

MARC details
000 -LEADER
campo de control de longitud fija 01510nam a2200253 i 4500
001 - NÚMERO DE CONTROL
campo de control 47782
003 - IDENTIFICADOR DE NÚMERO DE CONTROL
campo de control ES-MaACL
005 - FECHA Y HORA DE LA ÚLTIMA TRANSACCIÓN
campo de control 20250811160455.0
007 - CAMPO FIJO DE DESCRIPCIÓN FÍSICA--INFORMACIÓN GENERAL
campo de control de longitud fija t|
008 - DATOS DE LONGITUD FIJA--INFORMACIÓN GENERAL
campo de control de longitud fija 030527m19571980sp ||||1| lat d
080 ## - NÚMERO DE LA CLASIFICACIÓN DECIMAL UNIVERSAL
Número de la Clasificación Decimal Universal 22.055
240 10 - TÍTULO UNIFORME
Título uniforme Biblia
245 10 - MENCIÓN DEL TÍTULO
Título Biblia polyglotta matritensia /
Mención de responsabilidad, etc. cura et studio Ayuso, T. Bellet, P. Bover, J.M. Cantera ... allisque plurimis collaborantibus peritis.
260 ## - PUBLICACIÓN, DISTRIBUCIÓN, ETC.
Lugar de publicación, distribución, etc. Matriti :
Nombre del editor, distribuidor, etc. Consejo Superior de Investigaciones Científicas :
-- Editorial Católica,
Fecha de publicación, distribución, etc. 1957-1980.
300 ## - DESCRIPCIÓN FÍSICA
Extensión 6 v. ;
Dimensiones 31 cm.
505 8# - NOTA DE CONTENIDO CON FORMATO
Nota de contenido con formato Contiene: Prooemium - Series IV. Vetus Testamentum Arameum: Targum Palaestinense. Additur Targum Pseudojonatan... - L.2. Exodus / editio critica curante Alexandro Diez Macho... - L.3. Leviticus / editio critica curante Alexandro Diez Macho... - L.5. Deuteronium / editio critica curante Alexandro Díez Macho - Series VII. Vetus Latina - L.21. Psalterium Visigothicum-Mozarabicum / editio critica curante Theophilo Ayuso Marazuela - Series VIII. Vulgata Hispana - L.21. Psalterium Hieronymi de Hebraica veritate interpretum / editio critica curante Teophilo Ayuso Marazuela
700 1# - ENTRADA AGREGADA--NOMBRE PERSONAL
Nombre de persona Ayuso Marazuela, Teófilo,
Fechas asociadas al nombre 1906-1962
9 (RLIN) 24206
700 1# - ENTRADA AGREGADA--NOMBRE PERSONAL
Nombre de persona Sánchez de Muniain y Gil, José María.
9 (RLIN) 102590
700 1# - ENTRADA AGREGADA--NOMBRE PERSONAL
Nombre de persona O'Callaghan, José,
Fechas asociadas al nombre 1922-2001
9 (RLIN) 140205
700 1# - ENTRADA AGREGADA--NOMBRE PERSONAL
Nombre de persona Díez Macho, Alejandro.
9 (RLIN) 44745
710 2# - ENTRADA AGREGADA--NOMBRE DE ENTIDAD CORPORATIVA
Nombre de entidad corporativa o nombre de jurisdicción como elemento de entrada Consejo Superior de Investigaciones Científicas (España)
9 (RLIN) 3236
852 ## - LOCALIZACIÓN
Ubicación ES-MaACL
Número de control de estantería P-1059
Holdings
Estatus retirado Estado de pérdida Estado de daño No para préstamo Biblioteca de origen Biblioteca actual Ubicación en estantería Fecha de adquisición Fuente de adquisición Total de préstamos Signatura topográfica completa Código de barras Visto por última vez Precio de reemplazo Tipo de ítem Koha
        Biblioteca del Ateneo de Madrid Biblioteca del Ateneo de Madrid Depósito 2 17/01/2008     P-1059 1050282 23/02/2023 23/02/2023 Libro impreso